LEADER 00671nam a2200193 i 4500 001 000000254443 003 CaOOAMICUS 005 20170606000000.0 008 170606s1836 xx u000 u fre u 013 $a233348 040 $aSeMil$bita 245 10$aTome 4. 300 $a363 p. 773 0 $aCapefigue, Jean Baptiste Honoré Raymond <1801-1872>$tRichelieu, Mazarin, la fronde et le règne de Louis 14..$dBruxelles : Hauman & C., 1835-1836.$g4$w()33743 850 $aSeMil 852 $aSeMil$W1$xVenegono$y1$m3V I 206 FA$j204789$B204789$CSeMilBibl$Z2$F218321 $8I 941 1 $a10 961 $aRecupero: Mantegazza 996 $6245$aTome 4$9(OLS)http://semarc/title/1585 LEADER 00783nam a2200205 i 4500 001 000000179499 003 CaOOAMICUS 005 20250902114716.0 008 090515s1969 xxk u000 u mul u 040 $aSeMil$bita 245 10$aVol. 4. 300 $aX, 605 p. 490 1 $aThe Loeb Classical Library ;$v235 773 0 $aAthenaeus : Naucratita $tDeipnosophists.$dCambridge, Massachusetts : Harvard University Press ; London : Heinemann, 1969-1983.$w()21318 830 4$aThe Loeb Classical Library ;$v235.$0(OLS)http://semarc/title/26868 850 $aSeMil 852 $aSeMil$W1$xVenegono$y1$m1Y III 8/4$j261240$B130261$CSeMilBibl$Z2$F141730 $81 961 $aOmaggio: Villa don Cesare 996 $6245$aVol. 4$9(OLS)http://semarc/title/108694